000 01914cam a22004694i 4500
003 PE-LiUPU
005 20250731173416.0
008 150706s r 000 0 d
020 _a9780758629692
035 _a(Sirsi) i9780758629692
040 _aPE-LiUPU
_bspa
_cPE-LiUPU
_erda
049 _aPRUA
082 0 4 _a241.2
_bL98
_221
100 1 _aLutero, Martín,
_d1483-1546,
_eautor.
_91490
245 1 0 _aMartín Lutero escritos sobre la ética cristiana /
_cMartín Lutero.
264 1 _aBuenos Aires :
_bPaidós,
_c1974.
300 _a315 páginas :
_bilustraciones, fotos ;
_c23 cm.
336 _atext
_2rdacontent
337 _aunmediated
_2rdamedia
338 _avolume
_2rdacarrier
505 0 _aLas buenas obras -- Comercio y usura -- La autoridad secular -- ¿Es posible ser soldado y cristiano? -- Alegato contra los turcos -- Exhortación a la paz, en relación con los doces artículos de los campesinos de Suabia -- Comtra las hordas ladronas y asesinas de los campesinos -- Carta abierta, respecto del riguroso panfleto contra los campesinos.
526 _aSEG42
526 _aSEG41
526 _aSEG40
526 _aSEG39
526 _aP94
526 _aP87
526 _aP86
526 _aP85
526 _aP77
526 _aP76
526 _aP35
541 _g001-0000567;
650 0 4 _aTeología moral.
650 0 4 _aEtica Cristiana.
_91047
910 _agl
_bjv
_clch
_d20120524
942 _2ddc
_cBOOK
949 _a241.2 L98
_wDEWEY
_c1
_i64684
_lCCODEBUL1
_mBUL
_p19.00
_r0
_sY
_tBOOK
_u2015-7-6
_xTEOLOGIA
_PP35
_o.STAFF. Colección General
994 _aC0
_bPEPRU
596 _a1
999 _a241.2 L98
_wDEWEY
_c53390
_i64684
_f2021-11-10
_g5
_lCCODEBUL1
_mBUL
_p19.00
_r0
_sY
_tBOOK
_u2015-7-6
_xTEOLOGIA
_PP35
_0COMPRA
_o.STAFF. Colección General
_d53390
980 _81
_gALBERTO SANCHEZ Responsable de Automatización